Italian Grand Prix Winners (Formula 1) - Statistics

General Stats
  • This quiz has been taken 471 times
  • The average score is 50 of 65
Answer Stats
Year City Winner % Correct
1981 Monza Alain Prost
95%
1985 Monza Alain Prost
95%
1989 Monza Alain Prost
95%
1990 Monza Ayrton Senna
95%
1992 Monza Ayrton Senna
95%
1996 Monza Michael Schumacher
95%
1998 Monza Michael Schumacher
95%
2000 Monza Michael Schumacher
95%
2003 Monza Michael Schumacher
95%
2006 Monza Michael Schumacher
95%
2012 Monza Lewis Hamilton
94%
2014 Monza Lewis Hamilton
94%
1953 Monza Juan Manuel Fangio
93%
1954 Monza Juan Manuel Fangio
93%
1955 Monza Juan Manuel Fangio
93%
2008 Monza Sebastian Vettel
93%
2011 Monza Sebastian Vettel
93%
2013 Monza Sebastian Vettel
93%
1993 Monza Damon Hill
92%
1994 Monza Damon Hill
92%
1962 Monza Graham Hill
92%
1960 Monza Phil Hill
92%
1961 Monza Phil Hill
92%
2007 Monza Fernando Alonso
91%
2010 Monza Fernando Alonso
91%
1951 Monza Alberto Ascari
89%
1952 Monza Alberto Ascari
89%
1978 Monza Niki Lauda
88%
1984 Monza Niki Lauda
88%
1950 Monza Giuseppe Farina
87%
2004 Monza Rubens Barrichello
85%
1980 Imola Nelson Piquet
84%
1983 Monza Nelson Piquet
84%
1986 Monza Nelson Piquet
84%
1987 Monza Nelson Piquet
84%
1965 Monza Jackie Stewart
83%
1969 Monza Jackie Stewart
83%
1991 Monza Nigel Mansell
83%
2002 Monza Rubens Barrichello
81%
2009 Monza Rubens Barrichello
81%
1963 Monza Jim Clark
78%
1972 Monza Emerson Fittipaldi
75%
1997 Monza David Coulthard
72%
2001 Monza Juan Pablo Montoya
70%
2005 Monza Juan Pablo Montoya
70%
1979 Monza Jody Scheckter
69%
1956 Monza Stirling Moss
68%
1957 Monza Stirling Moss
68%
1959 Monza Stirling Moss
68%
1964 Monza John Surtees
67%
1967 Monza John Surtees
67%
1977 Monza Mario Andretti
67%
1968 Monza Denis Hulme
63%
1988 Monza Gerhard Berger
63%
1999 Monza Heinz-Harald Frentzen
51%
1970 Monza Clay Regazzoni
48%
1975 Monza Clay Regazzoni
48%
1973 Monza Ronnie Peterson
44%
1974 Monza Ronnie Peterson
44%
1976 Monza Ronnie Peterson
44%
1982 Monza Rene Arnoux
41%
1995 Monza Johnny Herbert
35%
1958 Monza Tony Brooks
34%
1971 Monza Peter Gethin
18%
1966 Monza Ludovico Scarfiotti
14%
No matching quizzes found
Score Distribution
Percent of People with Each Score
Percentile by Number Answered
Your Score History
You have not taken this quiz